Nauka_angielskiego_01 - Statystyki

Ogólne statystyki
  • Ten quiz został rozwiązany 16 679 razy
  • Średni wynik to 12 z 22
Statystyki odpowiedzi
Hint Odpowiedź % Poprawnych
ciasto cake
93%
śpiewać sing
93%
kochać love
92%
przerwa break
90%
biegać run
90%
uśmiech smile
87%
ciastka cookies
81%
śniadanie breakfast
79%
zacząć start
79%
rozumieć understand
70%
kawa coffee
68%
mieszkanie flat
57%
doświadczenie experience
50%
zarobić earn
41%
studia studies
36%
brokuły broccoli
34%
kalafior cauliflower
14%
nabyć (doświadczenie) gain
14%
powiększyć enlarge
7%
praktykant/stażysta intern
6%
praktyki/staż internship
5%
kierunek studiów field of studies
1%
Nie znaleziono quizów pasujących do podanych kryteriów
Rozkład punktacji
Procent ludzi z każdym wynikiem
Percentyl według liczby udzielonych odpowiedzi
Twoja historia wyników
Nie rozwiązałeś tego quizu